KOHA-Header-6

Electronic Marketing (Record no. 8368)

000 -LEADER
fixed length control field 00242nam a2200109Ia 4500
020 ## - INTERNATIONAL STANDARD BOOK NUMBER
ISBN 9780030211072
100 ## - MAIN ENTRY--AUTHOR NAME
Personal name Joel Reedy Shauna
245 #0 - TITLE STATEMENT
Title Electronic Marketing
260 ## - PUBLICATION, DISTRIBUTION, ETC. (IMPRINT)
Place of publication New Delhi
Name of publisher McGraw -Hill
Year of publication 1983
300 ## - PHYSICAL DESCRIPTION
Number of Pages 448
942 ## - ADDED ENTRY ELEMENTS (KOHA)
Koha item type Books
Holdings
Withdrawn status Lost status Collection code Permanent Location Current Location Shelving location Date acquired Full call number Accession Number Koha item type
    Marketing MAJU MAJU   2019-09-14 658.8 3045 Marketing

Powered by Koha